Rivers By Picture - Statistics

General Stats
  • This quiz has been taken 89 times
  • The average score is 5 of 15
Answer Stats
Picture Answer % Correct
Thames
91%
Amazon
80%
Danube
51%
Zambezi
38%
Mekong
36%
Rhine
36%
Yangtze
32%
Ganges
31%
Mississippi
27%
Nile
20%
Volga
14%
Congo
8%
Missouri
7%
Seine
7%
Orinoco
3%
No matching quizzes found
Score Distribution
Percent of People with Each Score
Percentile by Number Answered
Your Score History
You have not taken this quiz